[Event "Lovsprings op 09th D"]
[Site "Ringsted"]
[Date "1997.05.02"]
[Round "6"]
[White "Nilsson, Jonas Gosta"]
[Black "Hansen, John Brangstrup"]
[Result "1/2-1/2"]
[WhiteElo "1392"]
[BlackElo "1333"]
[PlyCount "86"]
[EventDate "1997.03.14"]
[EventType "swiss"]
[EventRounds "7"]
[EventCountry "DEN"]
[SourceTitle "EXT 2023"]
[Source "ChessBase"]
[SourceDate "2022.10.05"]
[SourceVersion "1"]
[SourceVersionDate "2022.10.05"]
[SourceQuality "1"]

1. d4 Nf6 2. c4 g6 3. Nc3 Bg7 4. e4 d6 5. f3 0-0 6. Be3 e5 7. d5 a5 8. Qd2 Na6 9. Bh6 Ne8 10. Bd3 Qh4+ 11. g3 Qxh6 12. Nge2 Qxd2+ 13. Kxd2 Nc5 14. Bc2 f5 15. Raf1 Bd7 16. h4 Nf6 17. exf5 gxf5 18. b3 Rae8 19. Rfg1 h5 20. a3 b6 21. Ra1 Ra8 22. b4 axb4 23. axb4 Bh6+ 24. f4 Nb7 25. Rhg1 e4 26. Nd4 c5 27. bxc5 bxc5 28. Ndb5 Ng4 29. Nc7 Rac8 30. N3b5 Ne5 31. Ke2 Bxb5 32. Nxb5 Nxc4 33. Ra7 Rb8 34. Rga1 Nb6 35. R1a6 Nc8 36. Ra8 Rxa8 37. Rxa8 Rd8 38. Rb8 Na5 39. Na7 Bf8 40. Rxc8 Rxc8 41. Nxc8 Kf7 42. Ba4 Nc4 43. Bd7 Kg6 1/2-1/2

[Event "Lovsprings op 08th D"]
[Site "Ringsted"]
[Date "1996.03.15"]
[Round "2"]
[White "Hansen, John Brangstrup"]
[Black "Henriksen, Kasper"]
[Result "1/2-1/2"]
[WhiteElo "1335"]
[BlackElo "1424"]
[PlyCount "129"]
[EventDate "1996.03.08"]
[EventType "swiss"]
[EventRounds "7"]
[EventCountry "DEN"]
[SourceTitle "EXT 2023"]
[Source "ChessBase"]
[SourceDate "2022.10.05"]
[SourceVersion "1"]
[SourceVersionDate "2022.10.05"]
[SourceQuality "1"]

1. d4 Nf6 2. c4 g6 3. Nc3 Bg7 4. e4 d6 5. Nf3 0-0 6. Be2 e5 7. 0-0 Nc6 8. d5 Ne7 9. Ne1 Ne8 10. Be3 f5 11. f3 Nf6 12. Nd3 f4 13. Bf2 Kh8 14. c5 Neg8 15. cxd6 cxd6 16. Rc1 a6 17. Na4 g5 18. Nb6 Rb8 19. Rc2 h5 20. Nxc8 Rxc8 21. Qd2 Rf7 22. Rfc1 Rfc7 23. Qd1 Rxc2 24. Rxc2 g4 25. Bb6 Qd7 26. Qc1 Rxc2 27. Qxc2 Qb5 28. Bd8 gxf3 29. gxf3 Qe8 30. Ba5 Qg6+ 31. Kh1 Bh6 32. Nf2 Nxd5 33. Qc1 Ne3 34. Qg1 Qe6 35. b3 d5 36. Nd1 Nxd1 37. Bxd1 d4 38. Be2 Ne7 39. Qg2 Nc6 40. Bc4 Qe8 41. Be1 b5 42. Bd5 Ne7 43. Be6 Qc6 44. Bf7 Qc1 45. Qd2 Qc8 46. Qg2 d3 47. Bxh5 Qc1 48. Qd2 Qxd2 49. Bxd2 Nc6 50. Kg2 Bf8 51. Kf2 Bc5+ 52. Ke1 Be3 53. Bg4 Nd4 54. Bc3 Nc2+ 55. Kd1 Bd4 56. Kd2 Bxc3+ 57. Kxc3 Nb4 58. a3 Nc2 59. a4 Nd4 60. axb5 axb5 61. Kxd3 Nxb3 62. Kc3 Nd4 63. Kb4 Kg7 64. h4 Kg6 65. Kc5 1/2-1/2